Представление документа в формате RUSMARC

Поле Инд. ПП Название Значение
Тип записи a
Библиографический уровень a
001 Контрольный номер 25d1e0411c454256aff1d109aa8ce056
005 Дата корректировки 20181120134525.7
100 a Данные общей обработки 20180905 ||| 0rusy0189 ca
101 0_ a Язык текста rus
102 a Страна публикации RU
200 1_ f Первые сведения об ответственности В.А. Яговкина
a Заглавие Субсидии государственным (муниципальным) учреждениям на финансовое обеспечение выполнения государственного (муниципального) задания в проекте новой редакции Бюджетного кодекса Российской Федерации
210 d Дата издания 2018
461 _0 1 2000
a Финансовое право
463 _0 1 2000
a №6
v С. 24-27
1 2101
d 2018
1 001fefe68c30a1245b38737ec217bf4d574
606 a Основная рубрика Финансовое право
610 0_ a Ключевые слова БЮДЖЕТНОЕ ПРАВО
a Ключевые слова УСЛУГИ ГОСУДАРСТВЕННЫЕ
a Ключевые слова ФИНАНСИРОВАНИЕ
700 _1 a Фамилия Яговкина
b Имя В.А.
801 _0 a Страна RU
b Организация РГУП
c Дата составления 20180905
g Правила каталогизации PSBO
801 _1 a Страна RU
b Организация РГУП
c Дата составления 20180905
g Правила каталогизации PSBO
901 t Тип документа b
w Контрольный № источника fefe68c30a1245b38737ec217bf4d574
905 a Дата ввода 20180905